Statistics for Similar Flags Challenge- Difficult

Click here to take the quiz!

General Stats

  • This quiz has been taken 127 times
  • The average score is 65 of 72

Answer Stats

Answer% Correct
Egypt
100%
Iran
100%
Iraq
99%
Ireland
99%
Niger
99%
Syria
99%
Croatia
98%
India
98%
Mexico
98%
Monaco
98%
Poland
98%
Russia
98%
Slovakia
98%
Slovenia
98%
Argentina
97%
Indonesia
97%
Italy
97%
Ivory Coast
97%
Luxembourg
97%
Nigeria
97%
Serbia
97%
Yemen
97%
Belarus
96%
Bulgaria
96%
Kenya
96%
Netherlands
96%
Oman
96%
United Arab Emirates
96%
Honduras
95%
Singapore
95%
El Salvador
92%
Hungary
92%
Nicaragua
92%
United States
92%
Colombia
91%
Ecuador
91%
Kuwait
91%
Tajikistan
91%
Uruguay
91%
Jordan
90%
Libya
90%
Madagascar
90%
Malaysia
90%
Liberia
89%
Sudan
89%
Venezuela
89%
Lesotho
88%
Malawi
88%
Paraguay
88%
Romania
87%
Armenia
86%
Burkina Faso
86%
Ghana
86%
Lithuania
86%
New Zealand
86%
Andorra
85%
Ethiopia
85%
South Sudan
85%
Uzbekistan
85%
Australia
84%
Chad
84%
Equatorial Guinea
84%
Moldova
84%
Mali
83%
Cameroon
82%
Djibouti
82%
Fiji
82%
Sierra Leone
82%
Senegal
80%
Tuvalu
79%
Guinea
77%
Bolivia
74%

Score Distribution

Percentile by Number Answered

Percent of People with Each Score

Your Score History

You have not taken this quiz